01052 2200337 4500001002100000005001500021035002000036020002200056040002200078082001400100084001600114100002800130245012100158260003600279300004500315650002000360850001200380090002000392090002200412007000300434008004100437999002200478700003200500264004400532336002100576337003000597338002300627990002200650990002200672990002000694INLIS00000000085883220210610025930 a0010-0421000737 a978-623-93158-0-1 aYOPDYOGbinderda04223a651.1 a651.1 AFR s0 aAfrig WasisoePengarang10aSemua bisa diatur :bhow to build superteam for scale up /cAfrig Wasiso, Rindi Allorerung; penyunting, Afrig Wasiso31aYogyakarta :bGraha Ilmu,c2015 ax, 373 halaman :bfoto berwarna ;c24 cm 4aSukses (Bisnis) aYOPDYOG aDEP 651.1 AFR s aCB-D.11 2020-3078ta210419ss.a yoio g | ind d aCB-D.11/2020-30780 aRindi AllorerungePengarang31aSleman :bAksoro Sabda Nusantara,c2020 2rdacontentateks 2rdamediaatanpa perantara 2rdacarrieravolume aCB-D.11/[S.a]-378 aCB-D.11/2020-3078 a67192-PD/A.2021